Statistics for Daily Country Riddle #99

Click here to take the quiz!

General Stats

  • This quiz has been taken 129 times
  • The average score is 10 of 15

Answer Stats

TypeAnswer% Correct
Found LetterA
99%
Found LetterI
98%
Correctly Placed LetterA
94%
Found LetterA
93%
Found LetterM
92%
Correctly Placed Letter
A
89%
Correctly Placed LetterM
75%
Found LetterA
62%
Found LetterC
62%
Correctly Placed LetterI
55%
Correctly Placed LetterA
54%
Correctly Placed LetterC
45%
Correctly Placed LetterJ
41%
Found LetterJ
41%
Mystery CountryJamaica
41%

Score Distribution

Percentile by Number Answered

Percent of People with Each Score

Your Score History

You have not taken this quiz